Statystyki dla Dokończ Przysłowie #1

Kliknij tutaj aby rozwiązać quiz!

Ogólne statystyki

  • Ten quiz został rozwiązany 17,102 razy
  • Średni wynik to 19 z 30

Statystyki odpowiedzi

Przysłowie % Correct
Dla chcącego nic {trudnego}.
98%
Wszystkie drogi {prowadzą} do Rzymu.
98%
Co {dwie} głowy to nie jedna.
98%
Gdzie {kucharek} sześć tam nie ma co jeść.
96%
Pieniądze nie rosną na {drzewach}.
90%
Nie wykręcaj kota {ogonem}.
90%
Dzieci i ryby {głosu} nie mają.
88%
Co ma {piernik} do wiatraka.
86%
Nie ucz {ojca} dzieci robić.
83%
Kto daje i odbiera w {piekle} się poniewiera.
82%
Kuj {żelazo} póki gorące.
81%
Ubogiemu zawsze wiatr w {oczy}.
72%
Lepszy {wróbel} w garści już gołąb na dachu.
69%
Śmieje się jak {głupi} do sera.
67%
{Tonący} brzytwy się chwyta.
65%
Gdy kota nie ma myszy {harcują}.
65%
Im dalej w las {tym więcej} drzew.
60%
{Żeby} dać trzema mieć.
60%
Z pustego i {Salomon} nie naleje.
59%
Nie {udawaj} Greka.
56%
{Pasuje} jak pięść do nosa.
56%
Oliwa sprawiedliwam zawsze {na wierzch} wypływa.
50%
Kto {sieje} wiatr, zbiera burzę.
49%
{Kombinuje} jak koń pod górę.
33%
Koniec {języka} za przewodnika.
31%
Toczący się {kamień} mchem nie obrasta.
30%
Na {bezrybiu} i rak ryba.
25%
Jak ktoś ma pecha to mu cegła w drewnianym {kościele} spadnie.
20%
Starość nie radość, śmierć nie {wesele}.
19%
{Bujać} to las, a nie nas.
10%

Rozkład punktacji

Percentyl według liczby udzielonych odpowiedzi

Procent ludzi z każdym wynikiem

Twoja historia wyników

Nie rozwiązałeś tego quizu